00729nam a2200217 i 4500003000900000005001700009007000300026008004100029040003000070082002200100100003700122245010600159264012000265300002800385336002700413337003400440338002800474650000300502700000300505710000300508DO-SdBNP20240708110314.0ta240708s1964 dr 001 0 spa d aDO-SdBNPbspacBNPHUerda a309.26bC259m2221 aCaram Herrera, Guillermoeautor 10aMetodología para investigaciones regionales en la República Dominicana /cGuillermo Caram Herrera 1aSanto Domingo :bJunta Nacional de Planificación y Coordinación, División de Planificación Regional,c1964. a82 páginas, c23 cm. 2rdacontentatextobtxt 2rdamediaasin mediación bn 2rdacarrieravolumenbnc